Batten down your roofs and keep your clients dry - and happy (Record no. 2906)

MARC details
000 -LEADER
fixed length control field 00888cab a2200217 4500
001 - CONTROL NUMBER
control field ABS37476
008 - FIXED-LENGTH DATA ELEMENTS--GENERAL INFORMATION
fixed length control field 090401t1987 xxu||||| |||| 00| 0 eng d
035 ## - SYSTEM CONTROL NUMBER
System control number (Sirsi) u4804
041 ## - LANGUAGE CODE
Language code of text/sound track or separate title eng
100 ## - MAIN ENTRY--PERSONAL NAME
Personal name Higgs, T.
245 ## - TITLE STATEMENT
Title Batten down your roofs and keep your clients dry - and happy
260 ## - PUBLICATION, DISTRIBUTION, ETC.
Date of publication, distribution, etc. 1987
350 ## - PRICE (NR) (BK AM CF MU VM SE) [OBSOLETE]
Price 0
490 ## - SERIES STATEMENT
Series statement National Builder
Volume/sequential designation 68 (2) March 1987, 82-84 (3)
520 ## - SUMMARY, ETC.
Summary, etc. Edited version of a paper presented at the conference, Industrial roof failure: causes and cures, which provides comprehensive guidance on detailing for industrial roofs. Discusses areas where the design of such roofs can be improved to combat rain penetration , looking at roofing materials , sheeted roofs and rooflights .
650 ## - SUBJECT ADDED ENTRY--TOPICAL TERM
Topical term or geographic name entry element INDUSTRIAL BUILDINGS
650 ## - SUBJECT ADDED ENTRY--TOPICAL TERM
Topical term or geographic name entry element WATERPROOFING
690 ## - LOCAL SUBJECT ADDED ENTRY--TOPICAL TERM (OCLC, RLIN)
Topical term or geographic name as entry element BUILT ENVIRONMENT-BUILDING PATHOLOGY
942 ## - ADDED ENTRY ELEMENTS (KOHA)
Suppress in OPAC 0
948 ## - LOCAL PROCESSING INFORMATION (OCLC); SERIES PART DESIGNATOR (RLIN)
c (OCLC) 04/03/1997
Holdings
Withdrawn status Lost status Source of classification or shelving scheme Damaged status Not for loan Home library Current library Shelving location Date acquired Total Checkouts Full call number Barcode Date last seen Copy number Price effective from Koha item type
    Dewey Decimal Classification     London London Journal article 14/09/1999   ABS37476 4804-1001 06/08/2019 1 06/08/2019 Journal article